| 000 | 00966nam a2200253 a 4500 | ||
|---|---|---|---|
| 001 | 001458 | ||
| 003 | BD-ChCU | ||
| 005 | 20230204155941.0 | ||
| 008 | 1416s2015 aii b 002 0 ben | ||
| 020 | _a | ||
| 040 |
_aDLC _cDLC _dBD-ChCU |
||
| 082 | 0 | 0 | _a১৮১.৪/চট্টো ৫৫ লো |
| 100 | 1 |
_aচট্টোপাধ্যায়, দেবীপ্রসাদ _c |
|
| 245 |
_aলোকায়ত দর্শন _c _cদেবীপ্রসাদ চট্টোপাধ্যায় |
||
| 246 |
_aLilaiyot darshan _c _cDebiporsad Chottopddaye |
||
| 250 | _a১ম সং | ||
| 260 |
_aকলকাতা _cনিই এজ পাব. _c১৪১৬ (বাং) |
||
| 300 | _a৬৮৭পৃ: | ||
| 504 | _aIncludes Bibliographical reference (P678-682) and index (P683-687). | ||
| 650 |
_aদর্শন ভারতীয় _cদর্শন |
||
| 650 | _aDarshan Varotio | ||
| 700 | 1 | _a | |
| 942 |
_2ddc _cBK |
||
| 999 |
_c1458 _d1458 |
||